India's nuclear debate (Record no. 38218)

MARC details
000 -LEADER
fixed length control field 00785nam a22002057a 4500
005 - DATE AND TIME OF LATEST TRANSACTION
control field 20100730115044.0
010 ## - LCCN (DPL NO)
LC control number ENG-97442
020 ## - INTERNATIONAL STANDARD BOOK NUMBER
International Standard Book Number 9780415563123
Terms of availability 795.00
035 ## - SYSTEM CONTROL NUMBER
System control number EN-80975
037 ## - SOURCE OF ACQUISITION
Source of stock number/acquisition DBAD/PUB
082 ## - DEWEY DECIMAL CLASSIFICATION NUMBER
Classification number 327.54073
100 ## - MAIN ENTRY--PERSONAL NAME
Personal name Malik, Priyanjali
245 ## - TITLE STATEMENT
Title India's nuclear debate
Remainder of title exceptionalism and the bomb /
Statement of responsibility, etc by Priyanjali malik
260 ## - PUBLICATION, DISTRIBUTION, ETC. (IMPRINT)
Place of publication, distribution, etc New Delhi
Name of publisher, distributor, etc Routledge
Date of publication, distribution, etc 2010
270 ## - ADDRESS
Address 912-915 Tolstoy House, 15-17 Tolstoy Marg,
City New Delhi
Postal code 110 001
300 ## - PHYSICAL DESCRIPTION
Extent ix, 344p.
Dimensions 23cm (Hb)
500 ## - GENERAL NOTE
General note Includes bibliagraphical references and index
942 ## - ADDED ENTRY ELEMENTS (KOHA)
Source of classification or shelving scheme Dewey Decimal Classification
Item type English Books
Classification part 327.54073
Call number suffix MAL
Holdings
Withdrawn status Lost status Not for loan Collection code Home library Current library Date acquired Source of acquisition Cost, normal purchase price Full call number Barcode Copy number Cost, replacement price Koha item type
    Not For Loan Non-fiction D.B.Act.Division D.B.Act.Division 30/07/2010 DBAD/PUB 795.00 327.54073 MAL EN-80975 1 795.00 English Books

© Delhi Public Library
Hit Counter
free hit counter